00778cam a22002294a 450000500170000000800410001701000140005802000270007203500130009903700130011204000080012510000200013324500940015326000410024730000320028850000200032050400410034065000400038165000440042165000410046565000420050620090520130108.0090121s2009 ii g b 001 0 eng  aENG-95571 a9788184050448c1100.00 aEN-79104 aDBAD/PUB aDPL aJoseph, Teresa, aReporting nuclear Pakistan :bsecurity perceptions and the Indian press /cTeresa Joseph. aNew Delhi :bReference Press,c2009. axviii, 391 p. ;c23 cm.(Hb) aIncludes index. aIncludes bibliographical references  aNuclear weaponszPakistanxTesting. aNuclear weaponsxPress coveragezIndia. aSecurity, InternationalzSouth Asia. aMass mediaxPolitical aspectszIndia.